00550nam a22002057a 4500003000500000005001700005008004100022010001000063011001000073035001000083040000900093082001400102100002300116245002700139260005900166300001000225650003200235650004700267700003000314CHAP20220817041713.0971013s1974 r 00010 d a22009 a22981 a27076 cCHAP a025.5bC600aColeman, Kathleen. aHow to use the library aSan Diego, Calif. :bSan DIego State University,c1974 a91 h.14aBibliotecas universitarias.14aBibliotecasxOrientación a los usuarios.0 aDintrone, Charlesecoaut.